|
|
|
|
| LEADER |
00000nam0a2200000 4500 |
| 001 |
360965 |
| 005 |
20231102011336.0 |
| 035 |
|
|
|a (RuTPU)RU\TPU\retro\18291
|
| 090 |
|
|
|a 360965
|
| 100 |
|
|
|a 20210520d1980 km y0rusy50 ca
|
| 101 |
0 |
|
|a rus
|
| 102 |
|
|
|a RU
|
| 105 |
|
|
|a a z 001zy
|
| 200 |
1 |
|
|a Имитационные модели в народно-хозяйственном планировании
|f К. А. Багриновский, Н. Е. Егорова, В. В. Радченко
|
| 210 |
|
|
|a Москва
|c Экономика
|d 1980
|
| 215 |
|
|
|a 200 с.
|c ил.
|
| 320 |
|
|
|a Библиогр.: с. 192-198
|
| 606 |
1 |
|
|a Планирование
|x Имитационное моделирование
|2 stltpush
|3 (RuTPU)RU\TPU\subj\36614
|9 57933
|
| 610 |
1 |
|
|a экономическое моделирование
|
| 610 |
1 |
|
|a экономические объекты
|
| 610 |
1 |
|
|a народное хозяйство
|
| 610 |
1 |
|
|a имитационные модели
|
| 610 |
1 |
|
|a структура
|
| 610 |
1 |
|
|a использование
|
| 686 |
|
|
|a У9(2)230
|v LBC/SL-A
|2 rubbk
|
| 700 |
|
1 |
|a Багриновский
|b К. А.
|g Кирилл Андреевич
|
| 701 |
|
1 |
|a Егорова
|b Н. Е.
|g Наталья Евгеньевна
|
| 701 |
|
1 |
|a Радченко
|b В. В.
|g Виктор Владимирович
|
| 801 |
|
1 |
|a RU
|b 63413507
|c 20210520
|
| 942 |
|
|
|c BK
|